| Tag |
First Indicator |
Second Indicator |
Subfields |
| LEADER |
00000cas a2200000 a 4500 |
| 001 |
in00000028539 |
| 005 |
20151007062728.0 |
| 008 |
771012u1883uuuuvau x m 0 a0eng |
| 010 |
|
|
|a 08007047
|z sn 79006272
|
| 022 |
|
|
|a 0160-2519
|
| 029 |
1 |
|
|a NLGGC
|b 044751095
|
| 030 |
|
|
|a PLMVDU
|
| 035 |
|
|
|a (OCoLC)ocm03335272
|
| 035 |
|
|
|a (OCoLC)03335272
|
| 035 |
|
|
|9 AAD5661AM
|
| 040 |
|
|
|a DLC
|c MUL
|d NSD
|d IUL
|d NSD
|d DLC
|d HUL
|d AIP
|d DLC
|d OCLCQ
|d NLGGC
|d UtOrBLW
|
| 042 |
|
|
|a nsdp
|a lc
|
| 049 |
|
|
|a TXAM
|
| 050 |
0 |
0 |
|a QB4
|b .V74
|
| 210 |
0 |
|
|a Publ. Leander McCormick Obs. Univ. Va.
|
| 222 |
|
0 |
|a Publications of the Leander McCormick Observatory of the University of Virginia
|
| 245 |
0 |
0 |
|a Publications of the Leander McCormick Observatory of the University of Virginia.
|
| 264 |
|
1 |
|a Charlottesville, Va. :
|b The Observatory.
|
| 300 |
|
|
|a volumes :
|b illustrations ;
|c 26-30 cm.
|
| 310 |
|
|
|a Irregular
|
| 336 |
|
|
|a text
|b txt
|2 rdacontent
|
| 337 |
|
|
|a unmediated
|b n
|2 rdamedia
|
| 338 |
|
|
|a volume
|b nc
|2 rdacarrier
|
| 362 |
1 |
|
|a Began with: Vol. 1, published in 1883.
|
| 500 |
|
|
|a Description based on: Volume 16, published in 1971.
|
| 500 |
|
|
|a Cover-title.
|
| 500 |
|
|
|a Imprint varies: volume 1, pt. 1-4, University of Virginia.--pt. 5-7, Charlottesville.
|
| 500 |
|
|
|a Volumes 1- Ormond Stone, director.
|
| 650 |
|
0 |
|a Astronomy
|v Observations.
|
| 650 |
1 |
7 |
|a Sterrenkunde.
|2 gtt
|
| 650 |
1 |
7 |
|a Waarnemingen.
|2 gtt
|
| 710 |
2 |
|
|a University of Virginia.
|b Leander McCormick Observatory.
|
| 850 |
|
|
|a DLC
|
| 994 |
|
|
|a C0
|b TXA
|
| 999 |
|
|
|a MARS
|
| 999 |
f |
f |
|s 591dc45b-899b-35c4-ac4f-0da0af3a9efe
|i 16fd8e96-c683-3322-9cdc-66c49fc2c343
|t 0
|
| 952 |
f |
f |
|p ric
|a Texas A&M University
|b Rellis Campus
|c Joint Library Facility
|d Remote Storage
|t 0
|e QB4 .V74
|h Library of Congress classification
|i unmediated -- volume
|k v.2:pt.1-3,5-7
|l 1901-1921
|m A14843647646
|
| 952 |
f |
f |
|p ric
|a Texas A&M University
|b Rellis Campus
|c Joint Library Facility
|d Remote Storage
|t 0
|e QB4 .V74
|h Library of Congress classification
|i unmediated -- volume
|k v.8
|l 1940
|m A14833567606
|
| 952 |
f |
f |
|p ric
|a Texas A&M University
|b Rellis Campus
|c Joint Library Facility
|d Remote Storage
|t 0
|e QB4 .V74
|h Library of Congress classification
|i unmediated -- volume
|k v.5
|l 1935
|m A14833568165
|
| 952 |
f |
f |
|p ric
|a Texas A&M University
|b Rellis Campus
|c Joint Library Facility
|d Remote Storage
|t 0
|e QB4 .V74
|h Library of Congress classification
|i unmediated -- volume
|k v.6
|l 1935
|m A14833568123
|
| 952 |
f |
f |
|p ric
|a Texas A&M University
|b Rellis Campus
|c Joint Library Facility
|d Remote Storage
|t 0
|e QB4 .V74
|h Library of Congress classification
|i unmediated -- volume
|k v.13:pt.1
|l 1956
|m A14843648503
|
| 952 |
f |
f |
|p ric
|a Texas A&M University
|b Rellis Campus
|c Joint Library Facility
|d Remote Storage
|t 0
|e QB4 .V74
|h Library of Congress classification
|i unmediated -- volume
|k v.11
|l 1948/1956
|m A14833567965
|
| 952 |
f |
f |
|p ric
|a Texas A&M University
|b Rellis Campus
|c Joint Library Facility
|d Remote Storage
|t 0
|e QB4 .V74
|h Library of Congress classification
|i unmediated -- volume
|k v.12:pt.1-2
|l 1949
|m A14843648495
|
| 952 |
f |
f |
|p ric
|a Texas A&M University
|b Rellis Campus
|c Joint Library Facility
|d Remote Storage
|t 0
|e QB4 .V74
|h Library of Congress classification
|i unmediated -- volume
|k v.7
|l 1937
|m A14833568084
|
| 952 |
f |
f |
|p ric
|a Texas A&M University
|b Rellis Campus
|c Joint Library Facility
|d Remote Storage
|t 0
|e QB4 .V74
|h Library of Congress classification
|i unmediated -- volume
|k v.10
|l 1948
|m A14833568000
|
| 952 |
f |
f |
|p ric
|a Texas A&M University
|b Rellis Campus
|c Joint Library Facility
|d Remote Storage
|t 0
|e QB4 .V74
|h Library of Congress classification
|i unmediated -- volume
|k v.3
|l [1922]
|m A14833566993
|
| 952 |
f |
f |
|p ric
|a Texas A&M University
|b Rellis Campus
|c Joint Library Facility
|d Remote Storage
|t 0
|e QB4 .V74
|h Library of Congress classification
|i unmediated -- volume
|k v.4
|l 1927
|m A14833568204
|
| 952 |
f |
f |
|p ric
|a Texas A&M University
|b Rellis Campus
|c Joint Library Facility
|d Remote Storage
|t 0
|e QB4 .V74
|h Library of Congress classification
|i unmediated -- volume
|k v.9
|l 1947
|m A14833568042
|
| 998 |
f |
f |
|a QB4 .V74
|s v.13:pt.1 (1956)
|t 0
|l Remote Storage
|